|
|
|
|
| LEADER |
00830cam a2200217 7i4500 |
| 001 |
0000023306 |
| 005 |
20100517090000.0 |
| 020 |
0 |
0 |
|a 978-1-58239-003-1
|
| 090 |
0 |
0 |
|a EURO 382.5025
|b INT
|
| 245 |
0 |
0 |
|a The International directory of importers 2009 :
|b Europe (Volume III).
|
| 250 |
0 |
0 |
|a 20th ed.
|
| 260 |
0 |
0 |
|a Poulsbo,WA:
|b Interdata,
|c 2009.
|
| 300 |
# |
# |
|a 3v. [1330 p].
|
| 500 |
0 |
0 |
|a Library has 3 volumes
|
| 650 |
0 |
0 |
|a Imports --
|x Directories --
|z Europe
|
| 651 |
0 |
0 |
|a Europe
|
| 999 |
|
|
|a JHR000146B
|b Directories
|c Regions
|e MATRADE Southern Regional Office
|
| 999 |
|
|
|a B000025148
|b Directories
|c Regions
|e Business Information Centre
|
| 999 |
|
|
|a PNG000853B
|b Directories
|c Regions
|e MATRADE Northern Regional Office
|
| 999 |
|
|
|a SBH000823B
|b Directories
|c Regions
|e MATRADE Sabah
|
| 999 |
|
|
|a SRW000250B
|b Directories
|c Regions
|e MATRADE Sarawak
|